| 000 | 00390nam a2200133 a 4500 | ||
|---|---|---|---|
| 005 | 20140414132112.0 | ||
| 008 | 110805s19uu xx 00 eng d | ||
| 050 |
_aREF 413 _bM26 2005 |
||
| 100 | _aKirby, Amanda | ||
| 245 |
_a100 ideas : _bfor supporting pupils with Dyspraxia and DCD. |
||
| 260 |
_aNew York : _bContinuum International, _c2007. |
||
| 700 | _aPeters, Lynne | ||
| 999 |
_c114790 _d114790 |
||